Cities in Arizona in the Top 1000 - Statistics

General Stats
  • This quiz has been taken 19 times
  • The average score is 13 of 25
Answer Stats
Population City % Correct
1,644,409 Phoenix
100%
546,574 Tucson
89%
280,711 Chandler
83%
75,907 Flagstaff
83%
512,498 Mesa
78%
243,050 Scottsdale
78%
98,527 Yuma
78%
58,926 Lake Havasu City
67%
185,950 Tempe
67%
154,198 Surprise
61%
252,136 Glendale
56%
275,346 Gilbert
50%
105,406 Goodyear
50%
47,603 Prescott
44%
105,567 Buckeye
39%
197,866 Peoria
39%
91,617 Avondale
33%
49,075 Prescott Valley
28%
45,439 Sierra Vista
28%
42,920 Bullhead City
22%
60,032 Casa Grande
17%
66,290 Maricopa
17%
48,226 Oro Valley
17%
70,734 Queen Creek
17%
55,962 Marana
11%
No matching quizzes found
Score Distribution
Percent of People with Each Score
Percentile by Number Answered
Your Score History
You have not taken this quiz